Les cartes de Joey Wheeler dans Yu-Gi-Oh! - Statistiques

Statistiques générales
  • Ce quiz a été pris 139 fois
  • Le résultat moyen est 14 sur 24
Statistiques - réponses
Par images Réponse % Correct
Dragon Noir aux Yeux Rouges
96%
Bébé Dragon
95%
Jinzo
93%
Magicien du Temps
91%
Bouc Émissaire
79%
Dragon Millénaire
79%
Spadassin des Flammes
74%
Guerrier Panthère
72%
Reine Insecte
72%
Axe Raider
68%
Le Pêcheur Légendaire
67%
Kunai avec Chaîne
65%
Bouclier et Épée
50%
Dé gracieux
50%
Guerrier Roquette
47%
Gilford, L'Éclair
43%
Glaive de l'Alligator
43%
Le Spadassin de Landstar
43%
Gearfried le Chevalier de Fer
42%
La Griffe d'Hermocrate
37%
Petit Guerrier Ailé
37%
Profanateur de Tombes
26%
Garoozis
20%
Chevalier Hayabusa
19%
Aucun quiz correspondant
Distribution des résultats
% des personnes avec chaque résultat
Percentile par nombre de réponses
Votre historique - résultats
Vous n’avez pas pris ce quiz